2 days into Belgium Lyrics (Full Song) - Statistiken

Allgemein
  • Dieses Quiz wurde 17 mal gespielt
  • Das Durchschnittsergebnis liegt bei 144 aus 414
Antwortstatistiken
Words % Korrekt
Be
91%
Days
91%
I
91%
I'm
91%
In
91%
To
91%
Two
91%
Belgium
82%
Into
73%
A
64%
Back
64%
Line
64%
Past
64%
The
64%
The Rhine
64%
Call
55%
Guy
55%
Move
55%
My
55%
An
45%
And
45%
Britain
45%
Building
45%
But
45%
Defensive
45%
Him
45%
It
45%
Let's
45%
This
45%
We
45%
Doing
36%
Right
36%
Say
36%
Says
36%
Sit
36%
So
36%
There's
36%
Well
36%
All
27%
Allies
27%
At
27%
Austria
27%
Crossed
27%
Doesn't
27%
French
27%
Friends
27%
Go
27%
I've
27%
Keep
27%
Like
27%
Lines
27%
Me
27%
Middle
27%
Mire
27%
Naval
27%
Night
27%
Of
27%
Quite
27%
Tell
27%
That
27%
Told
27%
Up
27%
With
27%
As
18%
Because
18%
Been
18%
Can't
18%
Cold
18%
Don't
18%
Down
18%
Far
18%
France
18%
Front
18%
Head
18%
His
18%
Hold
18%
Hope
18%
It's
18%
Just
18%
Know
18%
Match
18%
Might
18%
Mold
18%
Much
18%
Really
18%
Russia
18%
See
18%
Soldiers
18%
Take
18%
They
18%
Think
18%
Thoughtlessly
18%
Throwing
18%
Turned
18%
Wake
18%
War
18%
When
18%
Are
9%
Around
9%
Away
9%
Best
9%
Bombs
9%
Called
9%
Cause
9%
Death
9%
Done
9%
Easy
9%
Enemy
9%
Everything
9%
Fight
9%
Fighting
9%
Fire
9%
Food's
9%
Forget
9%
Got
9%
Has
9%
Have
9%
Honest
9%
If
9%
Is
9%
Italy
9%
Keeps
9%
Land
9%
Mess
9%
Mine
9%
Must
9%
Need
9%
Not
9%
Now
9%
Obey
9%
Our
9%
Paris
9%
Rule
9%
Ruled
9%
Secret
9%
Shoot
9%
Should
9%
Telling
9%
Time
9%
Under
9%
Useless
9%
Where
9%
Will
9%
Yet
9%
Above
0%
After
0%
Alright
0%
Anyway
0%
Battles
0%
Begun
0%
Believe
0%
Calm
0%
Crazy
0%
Drums
0%
Each
0%
Else
0%
Empire's
0%
Figure
0%
Find
0%
Fine
0%
Guns
0%
Happen
0%
Hard
0%
Hell
0%
Honestly
0%
I'll
0%
Important
0%
It'll
0%
Learn
0%
Living
0%
Loud
0%
Maybe
0%
Meant
0%
Myself
0%
One
0%
Only
0%
Or
0%
Out
0%
Probably
0%
Rage
0%
Remain
0%
Rest
0%
Retreat
0%
Said
0%
Slow
0%
Start
0%
Swell
0%
Tend
0%
That's
0%
Thing
0%
Took
0%
Trust
0%
Try
0%
Want
0%
War's
0%
Was
0%
Way
0%
Won't
0%
Wrong
0%
Young
0%
Keine übereinstimmenden Quizze gefunden
Verteilung der Resultate
Anzahl Personen mit jedem Resultat
Perzentil nach korrekt beantworteten Fragen
Ihre Resultats-Entwicklung
Sie haben dieses Quiz noch nicht gespielt